MARC details
| 000 -CABECERA |
| campo de control de longitud fija |
03420nam a2200325 i 4500 |
| 003 - IDENTIFICADOR DEL NÚMERO DE CONTROL |
| campo de control |
DO-SdBNP |
| 005 - FECHA Y HORA DE LA ÚLTIMA TRANSACCIÓN |
| campo de control |
20250529101234.0 |
| 007 - CAMPO FIJO DE DESCRIPCIÓN FÍSICA--INFORMACIÓN GENERAL |
| campo de control de longitud fija |
ta |
| 008 - DATOS DE LONGITUD FIJA--INFORMACIÓN GENERAL |
| campo de control de longitud fija |
250529b2024 dr ac||| |||| 00| 0 spa d |
| 020 ## - NÚMERO INTERNACIONAL ESTÁNDAR DEL LIBRO |
| Número Internacional Estándar del Libro |
9789945938395 |
| 040 ## - FUENTE DE LA CATALOGACIÓN |
| Centro catalogador/agencia de origen |
DO-SdBNP |
| Lengua de catalogación |
spa |
| Centro/agencia transcriptor |
BNPHU |
| Normas de descripción |
rda |
| 041 ## - CÓDIGO DE LENGUA |
| Código de lengua del texto/banda sonora o título independiente |
spa |
| 082 #4 - NÚMERO DE LA CLASIFICACIÓN DECIMAL DEWEY |
| Número de clasificación |
xxx |
| Número de documento/Ítem |
M385c |
| Número de edición |
22 |
| 100 1# - ENTRADA PRINCIPAL--NOMBRE DE PERSONA |
| Nombre de persona |
Martínez Villanueva, Cristian |
| Término indicativo de función/relación |
autor |
| Código de función/relación |
aut. |
| 9 (RLIN) |
87283 |
| 245 10 - MENCIÓN DE TÍTULO |
| Título |
Cita con el destino : |
| Resto del título |
encuentros con Balaguer / |
| Mención de responsabilidad, etc. |
Cristian Martínez Villanueva (Crismar) ; apoyo fotográfico, Guadalupe Casasnovas ; fotografía de contraportada, Suliman Chadirji. ; fotos del Parque Independencia, Onorio Montás |
| 250 ## - MENCIÓN DE EDICIÓN |
| Mención de edición |
Primera edición |
| 264 #4 - PRODUCCIÓN, PUBLICACIÓN, DISTRIBUCIÓN, FABRICACIÓN Y COPYRIGHT |
| Producción, publicación, distribución, fabricación y copyright |
Santo Domingo, República Dominicana : |
| Nombre del de productor, editor, distribuidor, fabricante |
Océano Azul Ediciones, |
| Fecha de producción, publicación, distribución, fabricación o copyright |
©2024. |
| 300 ## - DESCRIPCIÓN FÍSICA |
| Extensión |
315 páginas : |
| Otras características físicas |
ilustraciones, fotografías ; |
| Dimensiones |
26 cm. |
| 336 ## - TIPO DE CONTENIDO |
| Término de tipo de contenido |
texto |
| Código de tipo de contenido |
txt |
| Fuente |
rdacontent |
| 337 ## - TIPO DE MEDIO |
| Nombre/término del tipo de medio |
sin mediación |
| Código del tipo de medio |
n |
| Fuente |
rdamedia |
| 338 ## - TIPO DE SOPORTE |
| Nombre/término del tipo de soporte |
volumen |
| Código del tipo de soporte |
nc |
| Fuente |
rdacarrier |
| 500 ## - NOTA GENERAL |
| Nota general |
Incluye datos biográficos del autor en la solapa de la cubierta. |
| 505 ## - NOTA DE CONTENIDO CON FORMATO |
| Nota de contenido con formato |
Presentación, 11.-- Un sorpresivo encuentro, 13.-- El "Uno de tantos", 21.--La carta de Balaguer, 27.-- Se decide el emplazamiento del Mirador del Sur, 31.-- Primer conflicto con mi partida, 39.-- El maco del Mirador, 47.-- El enano guardián, 51.-- Un encuentro sorpresivo en alas de la poesía, 57.-- Bajo una mata de flamboyán, 63.-- La vista de la ciudad desde el Mirador, 69.-- Lodazal en la avenida Anacaona, 73.-- El Cristo de Isabel de Torres y los jardines, 85.-- La periodista italiana, 91.-- ¡África ruge!, 95.-- El pelo de cuca, 99.-- Los tiburones de La Caleta, 103.-- El presidente se ríe de cómo un pescador, aparentemente ignorante, engañó a todos los expertos, 109.-- Bobby, 115.-- La mecedora vacía, 119.-- El pésame de Benyí, 123.-- Un maestro de obras y el retrato de Balaguer, 127.-- Un guiño de aprobación, 131.-- El teleférico de Puerto Plata, 139.-- El ingeniero de os zapatos azules, 145-- La libreta del pulpero, 151.-- La espada en el recuerdo, 155.-- Un concierto fuera de récord, 159.-- Las estatuas del Teatro Nacional, 163.-- La lluvia de Samaná, 167.-- Visita sorpresa al Baluarte del Conde, 175.-- Se comienza la discusión sobre el diseño del Altar de la Patria, 181.-- La duda razonable, 187.-- No se encuentra el foso, 193.-- Un general me ordena cerrar la excavación, 197.-- ¡Aparece el foso!, 201.-- Las excavaciones arqueológicas en la zona, 205.-- Frente a la glorieta del parque, 209.-- Las estatuas de los próceres y Duarte, 215.-- Todo el área Altar de la Patria, 221.-- De cómo me di cuenta de la falta de visión de Balaguer, 225.-- Escepticismo en la búsqueda de La Isabela, 233.-- Frente a la casa del almirante, 239.-- Cruxent y Balaguer, 251.-- El halo de misterio, 257.-- El dueño del lago, 261.-- El malecón colora’ o, 265.-- ¡Jaque Mate!, 269.-- Ecologista "ante literam", 273.-- Un paseo por la antigua Grecia, 279.-- Duro de caer, 285.-- Una asunto peliagudo, 291.-- Obras que se quedaron en el tintero, 297.-- En su estudio, los últimos meses y su preocupación por la ciudad frente a la improvisación, 305.-- A pasito lento, 311. |
| 590 ## - NOTA LOCAL (RLIN) |
| Nota local |
Inventariado , 2025 /LP |
| 700 1# - PUNTO DE ACCESO ADICIONAL--NOMBRE DE PERSONA |
| Nombre de persona |
Casasnovas, Guadalupe, |
| Término indicativo de función/relación |
fotográfo |
| Código de función/relación |
fot. |
| 9 (RLIN) |
34369 |
| 700 1# - PUNTO DE ACCESO ADICIONAL--NOMBRE DE PERSONA |
| Nombre de persona |
Chadirji, Suliman |
| Término indicativo de función/relación |
fotógrafo |
| Código de función/relación |
fot. |
| 9 (RLIN) |
87902 |
| 700 1# - PUNTO DE ACCESO ADICIONAL--NOMBRE DE PERSONA |
| Nombre de persona |
Montás, Onorio, |
| Término indicativo de función/relación |
fotógrafo |
| Código de función/relación |
fot. |
| 9 (RLIN) |
59042 |
| 910 ## - DATOS DE OPCIÓN DEL USUARIO (OCLC) |
| Datos de opción del usuario |
LP |
| 942 ## - ELEMENTOS DE PUNTO DE ACCESO ADICIONAL (KOHA) |
| Fuente del sistema de clasificación o colocación |
Dewey Decimal Classification |
| Tipo de ítem Koha |
Libro |